000 00983nam2a22002291 4500
001 v19\rc\1215388
005 20250617221806.0
035 _a(NLR Aleph) 004378515
090 _a3594613
_c3594613
100 _a20060306d19001901|||y0rusy50 ca
101 0 _arus
102 _aRU
105 _ay z |||||
200 0 _a... на 1901 год
210 _d1900 (обл. 1901)
_aБ. м.
215 _a86 с.
461 0 _1001v19\rc\1215380
_12001#$a[Сметы доходов и расходов, росписи и раскладки Старорусского земства]$v... на 1901 год$90
_93594513
_aСтарорусская уездная земская управа
_c[Новгород
_d1872]
_t[Сметы доходов и расходов, росписи и раскладки Старорусского земства]
_v... на 1901 год$90
801 0 _aRU
_bNLR
_gpsbo
801 1 _aRU
_bProSoft-M
_2rusmarc
852 _aNLR
_bЗем
_j23-8/С1
942 _cBOOK
980 _aNB